LEADER 01213nam a2200253 u 4500 001 000000091814 003 CaOOAMICUS 005 20070226124854.0 008 060328s1987 ne u000 u dut u 020 $a9070713128 035 $a11083372 040 $aPUL(R)$bita 245 00$aIngrijpen in de mensekijke voortplanting: kunstmatige inseminatie donor /$ceen rapport van de werkgroep Biowetenschappen van hat Katholiek Studiumcentrum. 260 $aNijmegen :$bKatholiek Studiumcentrum,$c1987. 300 $a139 p. ;$c22 cm 490 1 $aPublicaties van het Katholiek Documentatie Centrum ;$v5 650 4$aMedicina$xAspetti religiosi.$0(OLS)http://pul/subject/6741 830 0$aPublicaties van het Katholiek Documentatie Centrum ;$v5.$0(OLS)http://pul/title/118494 850 $aPUL 852 $aPUL$W1$xDP1 Fondo Seidl$y56$m2 C 62$j115581$nBK-PRI$b $qFondi$B115581$CPULBib$Z2$F115581 $HPUL91615 $81 941 1 $a1 996 $6020$a9070713128$9(OLS)http://pul/number/120393 996 $6245$aIngrijpen in de mensekijke voortplanting: kunstmatige inseminatie donor$9(OLS)http://pul/title/118495 996 $6260$aNijmegen :$bKatholiek Studiumcentrum$9(OLS)http://pul/publisher/78935 LEADER 01354nam a2200301 a 4500 001 000000146740 003 CaOOAMICUS 005 20151022114427.0 008 151022s2011 it adb u000 u ita r 020 $a978-88-12-00057-9 (v. 1-2)* 032 $aLibriCat 040 $aPUL$bita 082 04$a912 245 00$aAtlante geopolitico Treccani. 260 $aRoma :$bIstituto della Enciclopedia Italiana fondata da Giovanni Treccani,$cİ2011. 300 $a2 v. :$bill. a col., grafici, c. geogr. ;$c31 cm. 500 $aTesto su due colonne. 504 $aInclude riferimenti bibliografici ed indice. 650 4$aAtlanti.$0(OLS)http://pul/subject/16684 850 $aPUL 852 $aPUL$W1$xDP2 Filosofia 3$y112$m912 ATL 2.1$j169680$bv. 1$qDDC 21$B170459$CPULBib$Z2$F170459 $H126355 $81 852 $aPUL$W1$xDP2 Filosofia 3$y112$m912 ATL 2.2$j169681$bv. 2$qDDC 21$B170460$CPULBib$Z2$F170460 $H126356 $81 941 1 $a9 996 $6020$a978-88-12-00057-9 (v. 1-2)*$9(OLS)http://pul/number/158850 996 $6082$a912$9(OLS)http://pul/classification/2747 996 $6245$aAtlante geopolitico Treccani$9(OLS)http://pul/title/180470 996 $6260$aRoma :$bIstituto della Enciclopedia Italiana fondata da Giovanni Treccani$9(OLS)http://pul/publisher/50662